Youth in the contemporary world (Record no. 352901)

000 -LEADER
fixed length control field 00382cam a22001337a 4500
008 - FIXED-LENGTH DATA ELEMENTS--GENERAL INFORMATION
fixed length control field 180718b1989 xxu||||| |||| 00| 0 eng d
082 ## - DEWEY DECIMAL CLASSIFICATION NUMBER
Classification number Q45 Si45
245 ## - TITLE STATEMENT
Title Youth in the contemporary world
Statement of responsibility, etc. edited by Yedla C. Simhadri
260 ## - PUBLICATION, DISTRIBUTION, ETC.
Place of publication, distribution, etc. Delhi
Name of publisher, distributor, etc. Mittal
Date of publication, distribution, etc. 1989
300 ## - PHYSICAL DESCRIPTION
Extent 351p.
650 ## - SUBJECT ADDED ENTRY--TOPICAL TERM
Topical term or geographic name entry element Youth --India --Congresses
650 ## - SUBJECT ADDED ENTRY--TOPICAL TERM
Topical term or geographic name entry element Youth --Congresses
700 ## - ADDED ENTRY--PERSONAL NAME
Personal name Simhadri, Yedla C.
Holdings
Withdrawn status Lost status Damaged status Not for loan Permanent Location Current Location Date acquired Full call number Barcode Date last seen Price effective from Koha item type
        Indian Institute of Public Administration Indian Institute of Public Administration 1993-11-26 Q45 Si45 64512 2018-07-21 2018-07-21 Book

Powered by Koha